000
00329nam a2200157Ia 4500
100
_a
Habraken/Joe
650
_a
Linux
942
_c
BK
366
_f
25
654
_a
novell linux
245
_a
Novell Linux Desktop 9:Users Handbook
260
_b
Novell
_c
2006
082
_a
5.133
_b
HAB
300
_a
435
546
_a
ENGLISH
999
_c
21013
_d
21013